• 首页
  • 本馆介绍
  • 公告通知
  • 最新文献
  • 馆藏检索
  • 电子资源
  • 读者荐购
  • 参考咨询
  • CALIS
  • 我的图书馆
  • 登录
  • 详细信息显示
  • 放入我的书架
  • 预约/预借图书
  • 作者相关作品
  • 分类相关作品
  • 丛书相关作品
  • 出版社相关作品

书目信息

  • 表格格式
  • 工作单格式
  • 卡片格式
题名:
厂与城
    
 
作者: 杨亚 著
分册:  
出版信息: 北京   中国建筑工业出版社  2024.11
页数: 11,240页
开本: 26cm
丛书名:
单 册:
中图分类: F299.276.33
科图分类:
主题词: 城市建设--研究--十堰
电子资源:
ISBN: 978-7-112-30289-5
 
 
 
 
 
000 01100nam0 2200229 450
001 013374698
005 20251022175719.32
010    @a978-7-112-30289-5@dCNY68.00
100    @a20250121d2024 kemy0chiy0120 ea
101 0  @achi
102    @aCN@b110000
105    @aabk v 000yy
106    @ar
200 1  @a厂与城@9chang yu cheng@e三线建设城市转型与空间演变@f杨亚著
210    @a北京@c中国建筑工业出版社@d2024.11
215    @a11,240页@c图,照片,地图@d26cm
330    @a本书以“空间生产”理论、城市空间形态学、城乡规划学理论为基础,从城市空间演化影响因素、城市空间生产要素及其关系、空间生产模式、空间形态特征四个方面构建总体框架。分析了在三线城市建设发展不同阶段中权利、资本、城市居民三个相关利益要素之间的关系,并分析研究这三个要素对空间生产的影响、制约与作用机制,以及各个阶段空间生产运行机制与模式。在此基础上,对各个时期形成的空间生产产品进行分析,即在城市空间形态的研究中辨析各个阶段的空间形态特征,认识其演变规律。
606 0  @a城市建设@x研究@y十堰
690    @aF299.276.33@v5
701  0 @a杨亚@9yang ya@4著
801  0 @aCN@c20250910
905    @a河南城建学院图书馆@dF299.276@eY310@ZY310@f1
    
    厂与城:三线建设城市转型与空间演变/杨亚著.-北京:中国建筑工业出版社,2024.11
    11,240页:图,照片,地图;26cm
    
    
    ISBN 978-7-112-30289-5:CNY68.00
    本书以“空间生产”理论、城市空间形态学、城乡规划学理论为基础,从城市空间演化影响因素、城市空间生产要素及其关系、空间生产模式、空间形态特征四个方面构建总体框架。分析了在三线城市建设发展不同阶段中权利、资本、城市居民三个相关利益要素之间的关系,并分析研究这三个要素对空间生产的影响、制约与作用机制,以及各个阶段空间生产运行机制与模式。在此基础上,对各个时期形成的空间生产产品进行分析,即在城市空间形态的研究中辨析各个阶段的空间形态特征,认识其演变规律。
●
相关链接 在E读中查询图书 在当当中查询图书 在豆瓣中查询图书


正题名:厂与城     索取号:F299.276/Y310         预约/预借

序号 登录号 条形码 馆藏地/架位号 状态 备注
1 1633995   216339950   社科库409/409社科库 32排1列5层/ [索取号:F299.276/Y310] 在馆    
河南城建学院图书馆 欢迎您!
大连网信软件有限公司© 版权所有